000 00679 a2200205 4500
001 62954
005 20260407155924.0
008 260407a1983 arg spa d
003 AR-UNSa-BCEJYS
040 _aAR-UNSa-BCEJYS
_bspa
_cAR-UNSa-BCEJYS
080 _a35
_xAdministración Pública
245 1 0 _aActas del IV symposium de historia de la administración
020 _a978-84-7351-166-7
264 1 _aMadrid :
_bInstituto Nacional de Administración Pública (INAP)
_c1983
300 _a814 p.
_c24 cm.
041 _aspa
942 _cBK
590 _aniveau_biblio:m niveau_hierar:0
100 1 _aSymposium de Historia de la Administración (4º : 1982 : Madrid, España)
999 _c7901
_d7901